OSOBA A SPOLEČNOST V KORPORATIVNÍCH SOCIÁLNÍCH SYSTÉMECH

Bibliographic Details
Main Author: Mizia, Cezary Andrzej (Author)
Format: Article
Language:Czech

MARC

LEADER 00000nab a2200000uu 4500
001 vtls011539712
003 SK-MaSNL
005 20260303114812.0
008 230127|2010 xo |||||||||||||||||cze|
015 |a SNBRB 
035 |a (urnnbn)urn:nbn:sk:snk:ar-a09qk3 
035 |a (uuid)07eacbba-3e89-4651-8007-7e573c81f540 
035 |a urn:nbn:sk:snk-abey4c 
040 |a SNKBUCL  |b slo  |c SNKBUCL  |e AACR2 
041 0 |a cze 
044 |a xo  |c SK 
100 1 |a Mizia, Cezary Andrzej  |4 aut  |9 406237 
245 1 0 |a OSOBA A SPOLEČNOST V KORPORATIVNÍCH SOCIÁLNÍCH SYSTÉMECH  |c Cezary Andrzej Mizia 
246 3 |a PERSON AND SOCIETY IN CORPORATIVE SOCIAL SYSTEMS 
773 0 |t Acta humanica  |g Roč. 7, č. 3 (2010), s. 81-98 
954 |a odborná, vedecká literatúra pôvodná (slovenská)  |2 lita 
954 |a odborná, vedecká literatúra cudzojazyčná (svetová)  |2 lita 
958 |a OND 
958 |a EUIPO 
958 |a article22 
999 |c 1900533  |d 1902463